[Event "ESP-ch Rapid"]
[Site "Linares"]
[Date "2023.08.19"]
[Round "4"]
[White "Ortega Valle, Jose Ramon"]
[Black "Diaz Castro, Sergio"]
[Result "0-1"]
[WhiteElo "2009"]
[BlackElo "2290"]
[PlyCount "64"]
[EventDate "2023.08.19"]
[EventType "swiss (rapid)"]
[EventRounds "10"]
[EventCountry "ESP"]
[SourceTitle "CBM 215 Extra"]
[Source "ChessBase"]
[SourceDate "2023.09.30"]
[SourceVersion "1"]
[SourceVersionDate "2023.09.30"]
[SourceQuality "1"]

1. e4 c5 2. Nf3 e6 3. d3 d5 4. Nbd2 Nc6 5. g3 Nf6 6. Bg2 Be7 7. 0-0 Qc7 8. Re1 0-0 9. Nf1 dxe4 10. dxe4 Rd8 11. Qe2 Nd4 12. Nxd4 cxd4 13. Bg5 e5 14. f4 Bg4 15. Qd3 Rac8 16. fxe5 Qxe5 17. Bf4 Qc5 18. Rac1 Qa5 19. a3 Nd7 20. Bd2 Qb6 21. b4 Ne5 22. Qb3 Be6 23. Qb1 Nc4 24. Kh1 Nxa3 25. Qb2 Nc4 26. Qb1 Nxd2 27. Nxd2 Bxb4 28. Red1 a5 29. Nf3 Qc5 30. h4 Ba3 31. Qa1 Bxc1 32. Rxc1 d3 0-1

[Event "Andalucia-chA"]
[Site "Roquetas de Mar"]
[Date "2017.05.21"]
[Round "7"]
[White "Ortega Valle, Jose Ramon"]
[Black "Gentes Benito, Angel"]
[Result "1/2-1/2"]
[WhiteElo "2057"]
[BlackElo "1873"]
[PlyCount "74"]
[EventDate "2017.05.13"]
[EventType "swiss"]
[EventRounds "8"]
[EventCountry "ESP"]
[SourceTitle "EXT 2020"]
[Source "ChessBase"]
[SourceDate "2019.10.17"]
[SourceVersion "1"]
[SourceVersionDate "2019.10.17"]
[SourceQuality "1"]

1. e4 c6 2. Bc4 d5 3. Bb3 dxe4 4. Nc3 Nf6 5. f3 e5 6. fxe4 Bc5 7. Nf3 0-0 8. d3 Ng4 9. Na4 Bf2+ 10. Ke2 Bh4 11. g3 Be7 12. h3 Nf6 13. g4 Qc7 14. Be3 Na6 15. Qg1 c5 16. Nc3 Be6 17. Nd5 Bxd5 18. exd5 e4 19. dxe4 c4 20. Ba4 Nxe4 21. Rh2 c3 22. b3 Bc5 23. Bb5 Nb4 24. Bxc5 Nxc5 25. Kf1 Nxd5 26. Re1 Ne6 27. h4 Qf4 28. Qf2 Rad8 29. Ne5 Qb4 30. Bc4 Ndf4 31. a3 Qxa3 32. Qe3 Qb4 33. Rf2 b5 34. Nc6 Qd6 35. Nxd8 bxc4 36. Nxe6 Nxe6 37. Qxc3 cxb3 1/2-1/2

[Event "Andalucia-chA"]
[Site "Roquetas de Mar"]
[Date "2017.05.19"]
[Round "4"]
[White "Antunez Munoz, Ines"]
[Black "Ortega Valle, Jose Ramon"]
[Result "1-0"]
[WhiteElo "1932"]
[BlackElo "2057"]
[PlyCount "77"]
[EventDate "2017.05.13"]
[EventType "swiss"]
[EventRounds "8"]
[EventCountry "ESP"]
[SourceTitle "EXT 2020"]
[Source "ChessBase"]
[SourceDate "2019.10.17"]
[SourceVersion "1"]
[SourceVersionDate "2019.10.17"]
[SourceQuality "1"]

1. e4 g6 2. d4 Bg7 3. Nf3 d6 4. Bc4 a6 5. a4 Nc6 6. c3 Nf6 7. Qe2 e5 8. dxe5 Nxe5 9. Nxe5 dxe5 10. 0-0 0-0 11. Na3 Nd7 12. Be3 Qh4 13. f3 Kh8 14. Nc2 f5 15. Bf2 Qe7 16. Nb4 c6 17. Nd3 f4 18. b4 g5 19. Rad1 Rf6 20. Kh1 Rh6 21. Rd2 Qe8 22. Rfd1 Qh5 23. Bg1 Nf8 24. Nf2 Bf6 25. Rd6 a5 26. Bb3 Be7 27. Rxh6 Qxh6 28. b5 cxb5 29. Qxb5 Qg7 30. Rd2 h5 31. Qe8 h4 32. h3 Kh7 33. Qh5+ Qh6 34. Bg8+ Kg7 35. Qf7+ Kh8 36. Qxe7 Kxg8 37. Rd8 Qg7 38. Qc5 b6 39. Qd5+ 1-0

[Event "Andalucia-chA"]
[Site "Roquetas de Mar"]
[Date "2017.05.13"]
[Round "1"]
[White "Ortega Valle, Jose Ramon"]
[Black "Garcia Fernandez, Miguel"]
[Result "1-0"]
[WhiteElo "2057"]
[BlackElo "1801"]
[PlyCount "75"]
[EventDate "2017.05.13"]
[EventType "swiss"]
[EventRounds "8"]
[EventCountry "ESP"]
[SourceTitle "EXT 2020"]
[Source "ChessBase"]
[SourceDate "2019.10.17"]
[SourceVersion "1"]
[SourceVersionDate "2019.10.17"]
[SourceQuality "1"]

1. e4 e6 2. d4 d5 3. exd5 exd5 4. Bd3 Nf6 5. h3 Bd6 6. Qf3 0-0 7. Ne2 Re8 8. Bg5 Nbd7 9. Nd2 c5 10. c3 cxd4 11. cxd4 Qb6 12. 0-0 h6 13. Be3 Qd8 14. a4 a5 15. Bb5 Re7 16. Ng3 Re6 17. Nf5 Bf8 18. Rac1 Nb6 19. Bf4 Bd7 20. Bc7 Qe8 21. Bd3 Bxa4 22. Be5 Bb5 23. Bxb5 Qxb5 24. Nxh6+ gxh6 25. Bxf6 Bg7 26. Bxg7 Kxg7 27. Rc7 Rf6 28. Qg3+ Rg6 29. Qe5+ Kg8 30. Nf3 Re8 31. Qf5 Rf8 32. Ne5 Rg7 33. Ng4 Kh8 34. Nxh6 f6 35. Rxg7 Kxg7 36. Qh5 Qe8 37. Nf5+ Kg8 38. Qg4+ 1-0

[Event "Seville op 41st"]
[Site "Seville"]
[Date "2016.01.15"]
[Round "8.13"]
[White "Ortega Valle, Jose Ramon"]
[Black "Pogorelov, Ruslan"]
[Result "0-1"]
[WhiteElo "2078"]
[BlackElo "2336"]
[PlyCount "102"]
[EventDate "2016.01.08"]
[EventType "swiss"]
[EventRounds "9"]
[EventCountry "ESP"]
[SourceTitle "CBM 170 Extra"]
[Source "ChessBase"]
[SourceDate "2016.02.25"]
[SourceVersion "1"]
[SourceVersionDate "2016.02.25"]
[SourceQuality "1"]

1. Nf3 c5 2. g3 Nc6 3. Bg2 e5 4. d3 d5 5. 0-0 Be7 6. Nbd2 Bg4 7. c4 d4 8. b4 cxb4 9. a3 bxa3 10. Qa4 Bd7 11. Bxa3 Bxa3 12. Qxa3 Nge7 13. Rfb1 Rb8 14. Rb5 Qc8 15. Rab1 b6 16. c5 0-0 17. cxb6 Rxb6 18. Rxb6 axb6 19. Rc1 Qb8 20. Nc4 Nc8 21. Ng5 h6 22. Ne4 b5 23. Ncd2 b4 24. Qa6 N8e7 25. Nc5 Bc8 26. Qa4 Qb6 27. Qc2 Na5 28. Rb1 Bf5 29. Na4 Qb5 30. Qc5 Qxc5 31. Nxc5 Rc8 32. Nce4 Rb8 33. Nc4 Bxe4 34. Bxe4 Nac6 35. f4 exf4 36. gxf4 f5 37. Bf3 Kf7 38. Kf2 g6 39. e4 dxe3+ 40. Kxe3 Ke6 41. Re1 Kf7 42. d4 b3 43. d5 Nb4 44. Kd4 Nc2+ 45. Kc3 Rc8 46. Kxb3 Nd4+ 47. Kb4 Nxf3 48. Nd6+ Kf6 49. Nxc8 Nxd5+ 50. Kc5 Nxe1 51. Kxd5 Nd3 0-1

[Event "Seville op 40th"]
[Site "Seville"]
[Date "2015.02.01"]
[Round "9"]
[White "Ortega Valle, Jose Ramon"]
[Black "Gavilan Diaz, Mario"]
[Result "0-1"]
[WhiteElo "2033"]
[BlackElo "2250"]
[PlyCount "78"]
[EventDate "2015.01.25"]
[EventType "swiss"]
[EventRounds "9"]
[EventCountry "ESP"]
[SourceTitle "CBM 164 Extra"]
[Source "ChessBase"]
[SourceDate "2015.03.02"]
[SourceVersion "1"]
[SourceVersionDate "2015.03.02"]
[SourceQuality "1"]

1. e4 c5 2. Nf3 Nf6 3. Nc3 d5 4. exd5 Nxd5 5. Bc4 e6 6. 0-0 Nc6 7. Bb5 Be7 8. Ne5 Qc7 9. Re1 0-0 10. Bxc6 bxc6 11. Nf3 Rb8 12. Ne4 f5 13. Neg5 e5 14. d3 Bf6 15. c4 Ne7 16. Qe2 h6 17. h4 Ng6 18. Nh3 Re8 19. h5 Nh8 20. Nf4 Bd7 21. Ng6 Nxg6 22. hxg6 Qd6 23. Nd2 a5 24. Rb1 Re7 25. g4 e4 26. dxe4 fxg4 27. Nf1 Bd4 28. Kg2 Rf8 29. Be3 Qxg6 30. Ng3 Rf3 31. Bxd4 cxd4 32. Nf5 Rf7 33. Nxd4 Qf6 34. Nf5 Bxf5 35. exf5 Qxf5 36. Rf1 Qf4 37. Rbe1 g3 38. Qe8+ Rf8 39. Qe6+ Kh8 0-1

[Event "Seville op 40th"]
[Site "Seville"]
[Date "2015.01.29"]
[Round "6"]
[White "Krysa, Leandro Sergio"]
[Black "Ortega Valle, Jose Ramon"]
[Result "1-0"]
[WhiteElo "2457"]
[BlackElo "2033"]
[PlyCount "63"]
[EventDate "2015.01.25"]
[EventType "swiss"]
[EventRounds "9"]
[EventCountry "ESP"]
[SourceTitle "CBM 164 Extra"]
[Source "ChessBase"]
[SourceDate "2015.03.02"]
[SourceVersion "1"]
[SourceVersionDate "2015.03.02"]
[SourceQuality "1"]

1. d4 Nf6 2. c4 g6 3. Nc3 Bg7 4. e4 0-0 5. Be2 d6 6. Bg5 Nbd7 7. Qd2 c5 8. d5 a6 9. Nf3 b5 10. cxb5 axb5 11. Bxb5 Ba6 12. Bxa6 Rxa6 13. 0-0 Qb6 14. Rfe1 Rb8 15. Rab1 Ng4 16. Bxe7 f6 17. e5 Ngxe5 18. Nxe5 fxe5 19. Ne4 Qc7 20. b4 Bf8 21. Qe2 Qa7 22. Bxf8 Rxf8 23. b5 Rxa2 24. Qg4 Nf6 25. Qe6+ Kg7 26. b6 Qb7 27. Nxd6 Qxd5 28. Qe7+ Kg8 29. b7 Nd7 30. Red1 Rb2 31. Qxd7 Qd2 32. Qe6+ 1-0

[Event "Seville op 38th"]
[Site "Seville"]
[Date "2013.01.15"]
[Round "5"]
[White "Barrero Garcia, Carlos"]
[Black "Ortega Valle, Jose Ramon"]
[Result "1-0"]
[WhiteElo "2350"]
[BlackElo "2088"]
[PlyCount "48"]
[EventDate "2013.01.11"]
[EventType "swiss"]
[EventRounds "9"]
[EventCountry "ESP"]
[SourceTitle "CBM 152 Extra"]
[Source "ChessBase"]
[SourceDate "2013.02.25"]
[SourceVersion "1"]
[SourceVersionDate "2013.02.25"]
[SourceQuality "1"]

1. d4 Nf6 2. c4 g6 3. Nc3 Bg7 4. Nf3 0-0 5. Bg5 d6 6. e3 c6 7. Be2 Bg4 8. 0-0 Nbd7 9. b4 h6 10. Bh4 g5 11. Bg3 Nh5 12. Nd2 Nxg3 13. hxg3 Bxe2 14. Qxe2 a5 15. b5 e5 16. bxc6 bxc6 17. d5 e4 18. Rac1 Bxc3 19. Rxc3 Nc5 20. dxc6 Rb8 21. Nb3 Qf6 22. Nd4 Qe5 23. Qh5 Kg7 24. g4 Rb2 1-0

[Event "Andalucia-ch"]
[Site "Roquetas Almeria"]
[Date "2011.05.27"]
[Round "5.11"]
[White "Ortega Valle, Jose Ramon"]
[Black "Pavon Cardenas, Jesus Miguel"]
[Result "0-1"]
[WhiteElo "2055"]
[BlackElo "2254"]
[PlyCount "46"]
[EventDate "2011.05.14"]
[EventType "swiss"]
[EventRounds "8"]
[EventCountry "ESP"]
[SourceTitle "EXT 2024"]
[Source "ChessBase"]
[SourceDate "2023.10.10"]
[SourceVersion "1"]
[SourceVersionDate "2023.10.10"]
[SourceQuality "1"]

1. d4 Nf6 2. c4 e6 3. a3 b6 4. Nc3 Bb7 5. Bg5 d5 6. e3 Be7 7. Nf3 0-0 8. Bd3 Nbd7 9. 0-0 a6 10. Qe2 Ne4 11. Bxe7 Qxe7 12. Rac1 Nd6 13. c5 bxc5 14. dxc5 Nxc5 15. Nxd5 exd5 16. Rxc5 Ne4 17. Ra5 c5 18. Bxe4 dxe4 19. Nd2 Qc7 20. Ra4 a5 21. Nxe4 Ba6 22. Qh5 Qc6 23. Ng5 h6 0-1

[Event "Malaga op 13th"]
[Site "Malaga"]
[Date "2010.02.24"]
[Round "6"]
[White "Ortega Valle, Jose Ramon"]
[Black "Nava Baro, Enrique"]
[Result "0-1"]
[WhiteElo "2054"]
[BlackElo "2208"]
[PlyCount "60"]
[EventDate "2010.02.20"]
[EventType "swiss"]
[EventRounds "9"]
[EventCountry "ESP"]
[SourceTitle "CBM 135 Extra"]
[Source "ChessBase"]
[SourceDate "2010.05.04"]
[SourceVersion "1"]
[SourceVersionDate "2010.05.04"]
[SourceQuality "1"]

1. c4 e6 2. g3 d5 3. Bg2 Nf6 4. d4 dxc4 5. e4 Nc6 6. Ne2 e5 7. d5 Nb4 8. 0-0 c6 9. a3 Nd3 10. dxc6 bxc6 11. Qa4 Nc5 12. Qc2 Qd3 13. Qxd3 cxd3 14. Nec3 Nb3 15. Ra2 Be6 16. Be3 Ng4 17. Rd1 Nxe3 18. fxe3 Rd8 19. a4 Bc5 20. Kf2 Na5 21. b4 Bxb4 22. Rb2 Bc5 23. Nd2 0-0 24. Nf1 Bb3 25. Ra1 Rb8 26. Nd2 Bc2 27. Raa2 Rxb2 28. Rxb2 Ba3 29. Ra2 Bc1 30. Nf1 Bb3 0-1

[Event "Andalucia-ch 0708"]
[Site "Motril"]
[Date "2008.05.17"]
[Round "4"]
[White "Ortega Valle, Jose Ramon"]
[Black "Jimenez Bernal, Francisco"]
[Result "1-0"]
[WhiteElo "1962"]
[BlackElo "2095"]
[PlyCount "65"]
[EventDate "2008.05.10"]
[EventType "swiss"]
[EventRounds "8"]
[EventCountry "ESP"]
[SourceTitle "EXT 2009"]
[Source "ChessBase"]
[SourceDate "2008.11.26"]
[SourceVersion "1"]
[SourceVersionDate "2008.11.26"]
[SourceQuality "1"]

1. Nf3 Nf6 2. g3 d5 3. Bg2 Bg4 4. 0-0 c6 5. d3 Nbd7 6. h3 Bxf3 7. Bxf3 e5 8. Nd2 Bc5 9. c4 0-0 10. a4 a5 11. cxd5 Nxd5 12. Qb3 Nb4 13. Ne4 Kh8 14. Nxc5 Nxc5 15. Qc3 Qd4 16. Be3 Qxc3 17. bxc3 Nbxd3 18. exd3 Nxd3 19. Be4 Nb2 20. Rfb1 Nc4 21. Rxb7 Nd6 22. Bxc6 Nxb7 23. Bxb7 Rab8 24. Bd5 f5 25. c4 h6 26. Bd2 f4 27. gxf4 exf4 28. Bxa5 Rb3 29. Bc7 Rxh3 30. a5 Rf5 31. Kg2 Rh4 32. a6 Rg5+ 33. Kf3 1-0

[Event "San Sebastian op 19th"]
[Site "San Sebastian"]
[Date "2006.04.09"]
[Round "2.5"]
[White "Cifuentes Parada, Roberto"]
[Black "Ortega Valle, Jose Ramon"]
[Result "1-0"]
[WhiteElo "2487"]
[BlackElo "2188"]
[PlyCount "47"]
[EventDate "2006.04.08"]
[EventType "swiss"]
[EventRounds "9"]
[EventCountry "ESP"]
[SourceTitle "CBM 111 Extra"]
[Source "ChessBase"]
[SourceDate "2006.05.09"]
[SourceVersion "1"]
[SourceVersionDate "2006.05.09"]
[SourceQuality "1"]

1. Nf3 Nf6 2. c4 g6 3. Nc3 Bg7 4. e4 d6 5. d4 0-0 6. Be3 Nbd7 7. Nd2 e5 8. d5 Ne8 9. Be2 f5 10. f3 Ndf6 11. Rc1 Nh5 12. exf5 gxf5 13. 0-0 f4 14. Bf2 Qg5 15. Nde4 Qg6 16. Bd3 Bf5 17. Qc2 Kh8 18. Rfd1 Rg8 19. Bh4 Bh6 20. c5 dxc5 21. Nxc5 Nd6 22. N3e4 Ng7 23. Bf6 Raf8 24. Bxe5 1-0

[Event "Cullera op 26th"]
[Site "Cullera"]
[Date "2005.07.26"]
[Round "5.14"]
[White "Ortega Valle, Jose Ramon"]
[Black "Jimenez Martinez, Jose Vicente"]
[Result "1/2-1/2"]
[WhiteElo "2214"]
[BlackElo "2067"]
[PlyCount "111"]
[EventDate "2005.07.21"]
[EventType "swiss"]
[EventRounds "9"]
[EventCountry "ESP"]
[SourceTitle "CBM 107 Extra"]
[Source "ChessBase"]
[SourceDate "2005.09.01"]
[SourceVersion "1"]
[SourceVersionDate "2005.09.01"]
[SourceQuality "1"]

1. e4 d6 2. d3 g6 3. g3 Bg7 4. Bg2 Nf6 5. Nf3 0-0 6. 0-0 c5 7. Nbd2 Nc6 8. h3 Rb8 9. a4 a6 10. Re1 b5 11. axb5 axb5 12. Nf1 e5 13. Bg5 h6 14. Be3 Be6 15. Qd2 Kh7 16. g4 Nd7 17. Ng3 b4 18. Ra6 Rb6 19. Rea1 Rxa6 20. Rxa6 Ndb8 21. Ra1 Qb6 22. Nh4 Nd4 23. Bxd4 cxd4 24. Ne2 Bf6 25. Nf3 Be7 26. g5 h5 27. h4 Na6 28. Nh2 Nc5 29. b3 Bxb3 30. Rb1 Be6 31. Rxb4 Qa5 32. Nf1 Rc8 33. f4 Bg4 34. Nc1 Rc7 35. f5 gxf5 36. exf5 Bxf5 37. Qf2 Bg6 38. Rb1 Ne6 39. Rb7 Rxb7 40. Bxb7 Nf4 41. Bg2 d5 42. Ne2 Nxg2 43. Kxg2 Qc5 44. Neg3 e4 45. Qe2 f6 46. gxf6 Bxf6 47. Nxh5 Bxh4 48. Nf4 Qd6 49. Qg4 Be1 50. Nh2 Bd2 51. Ne6 Bh6 52. Nxd4 Qc5 53. Qd7+ Bg7 54. Qxg7+ Kxg7 55. Ne6+ Kf6 56. Nxc5 1/2-1/2

[Event "Seville op 29th"]
[Site "Seville"]
[Date "2004.01.13"]
[Round "5"]
[White "Mirzoev, Azer"]
[Black "Ortega Valle, Jose Ramon"]
[Result "1-0"]
[WhiteElo "2551"]
[BlackElo "2274"]
[PlyCount "72"]
[EventDate "2004.01.09"]
[EventType "swiss"]
[EventRounds "9"]
[EventCountry "ESP"]
[SourceTitle "CBM 098 Extra"]
[Source "ChessBase"]
[SourceDate "2004.03.10"]
[SourceVersion "2"]
[SourceVersionDate "2004.03.10"]
[SourceQuality "1"]

1. d4 d6 2. Nf3 Nf6 3. c4 Nbd7 4. Nc3 e5 5. e4 Be7 6. Be2 0-0 7. 0-0 c6 8. Re1 a6 9. a3 b5 10. h3 Bb7 11. Bf1 Re8 12. Be3 Bf8 13. dxe5 dxe5 14. b4 h6 15. Nd2 Rc8 16. Nb3 Ba8 17. c5 Qe7 18. a4 Red8 19. Qc2 Bb7 20. Ra2 Nb8 21. Na5 Rd7 22. Nxb7 Rxb7 23. axb5 axb5 24. Rea1 Ne8 25. Be2 Nc7 26. Bg4 Rd8 27. Ra7 Rxa7 28. Rxa7 g6 29. Qa2 Rd3 30. Nb1 h5 31. Be2 Rd7 32. Nd2 Ne6 33. Ra8 Rd8 34. Nf3 Nf4 35. Bxf4 exf4 36. Qa5 Bg7 1-0